History Quiz

Random History or Biography Quiz
Score 0/25 Timer 04:00
1 Play Today
% Correct
Richard
96.8%
Henry
90.2%
Spiro
88.4%
Gerald
85.5%
Bob
77.3%
G. Gordon
75.9%
Carl
75.2%
Alexander
67.9%
John
65.2%
John
64.7%
John
63.1%
H.R.
61.2%
Ben
59.6%
% Correct
Archibald
58.1%
E. Howard
52.7%
Charles W. (Chuck)
50.4%
Jeb
43.6%
Leon
43.4%
John
43%
Mark
42.3%
Ron
41.9%
Sam
39.6%
Elliot
37%
James
33.4%
L. Patrick
28.4%
Remove Ads.
Support Sporcle.
Get the best of Sporcle when you Go Orange. This ad-free experience offers more features, more stats, and more fun while also helping to support Sporcle. Thank you for becoming a member.

You're not logged in!

Compare scores with friends on all Sporcle quizzes.
OR
Log In

Show Comments

Extras

Top Quizzes Today


Score Distribution

Your Account Isn't Verified!

In order to create a playlist on Sporcle, you need to verify the email address you used during registration. Go to your Sporcle Settings to finish the process.

Report this User

Report this user for behavior that violates our Community Guidelines.

Details: